[Event "Larsens Nordjyske Mindeturnering2018"]
[Site "KATEDRALSKOLEN AALBORG"]
[Date "2018.10.14"]
[Round "2.5"]
[White "Jørgen Christiansen, Jens"]
[Black "Jacobsen, Niels"]
[Result "1/2-1/2"]
[LiveChessVersion "1.4.8"]
[BlackElo "1883"]
[WhiteElo "2063"]

1. d4 {[%clk 1:30:57]} Nf6 {[%clk 1:30:39]} 2. c4 {[%clk 1:31:17]} g6
{[%clk 1:30:04]} 3. Nc3 {[%clk 1:31:28]} Bg7 {[%clk 1:30:24]} 4. e4
{[%clk 1:31:50]} d6 {[%clk 1:30:45]} 5. Bd3 {[%clk 1:32:10]} Nc6 {[%clk 1:23:16]}
6. Nge2 {[%clk 1:30:08]} e5 {[%clk 1:22:18]} 7. d5 {[%clk 1:30:16]} Nd4
{[%clk 1:16:43]} 8. O-O {[%clk 1:29:23]} O-O {[%clk 1:14:56]} 9. Bg5
{[%clk 1:28:50]} Qe8 {[%clk 1:07:36]} 10. Nxd4 {[%clk 1:26:01]} exd4
{[%clk 1:07:53]} 11. Nb5 {[%clk 1:26:17]} Qd7 {[%clk 1:05:05]} 12. Bc2
{[%clk 1:08:15]} c5 {[%clk 0:54:58]} 13. dxc6 {[%clk 1:07:50]} bxc6
{[%clk 0:46:03]} 14. Nxd4 {[%clk 1:08:00]} Qg4 {[%clk 0:45:25]} 15. Be3
{[%clk 1:01:24]} c5 {[%clk 0:39:31]} 16. f3 {[%clk 1:01:04]} Qd7 {[%clk 0:39:33]}
17. Nb5 {[%clk 1:00:44]} Ne8 {[%clk 0:38:13]} 18. Qd2 {[%clk 0:49:35]} Bxb2
{[%clk 0:37:41]} 19. Rab1 {[%clk 0:47:15]} Bg7 {[%clk 0:36:47]} 20. Rfd1
{[%clk 0:47:32]} Ba6 {[%clk 0:36:01]} 21. f4 {[%clk 0:37:16]} Bxb5
{[%clk 0:34:25]} 22. Rxb5 {[%clk 0:37:26]} Qe6 {[%clk 0:34:00]} 23. Qd5
{[%clk 0:30:18]} Nc7 {[%clk 0:29:27]} 24. Qxe6 {[%clk 0:30:13]} fxe6
{[%clk 0:25:53]} 25. Rb7 {[%clk 0:30:34]} Ne8 {[%clk 0:25:53]} 26. e5
{[%clk 0:21:23]} dxe5 {[%clk 0:23:19]} 27. fxe5 {[%clk 0:21:27]} Rf7
{[%clk 0:22:59]} 28. Rxf7 {[%clk 0:21:29]} Kxf7 {[%clk 0:23:15]} 29. Rd7+
{[%clk 0:21:46]} Kg8 {[%clk 0:22:55]} 30. Bf4 {[%clk 0:19:09]} Bf8
{[%clk 0:21:01]} 31. Be4 {[%clk 0:18:35]} Rb8 {[%clk 0:21:00]} 32. Bc6
{[%clk 0:16:40]} Rb4 {[%clk 0:17:27]} 33. Bb5 {[%clk 0:16:37]} Rb1+
{[%clk 0:17:08]} 34. Kf2 {[%clk 0:16:43]} Rb2+ {[%clk 0:17:32]} 35. Kf3 Rxa2
{[%clk 0:17:52]} 36. Rd8 {[%clk 0:15:04]} Ng7 {[%clk 0:17:32]} 1/2-1/2

[Event "Larsens Nordjyske Mindeturnering2018"]
[Site "KATEDRALSKOLEN AALBORG"]
[Date "2018.10.15"]
[Round "3.1"]
[White "Hammar, Bengt"]
[Black "Ekelund, Kurt"]
[Result "1/2-1/2"]
[LiveChessVersion "1.4.8"]
[BlackElo "1972"]
[WhiteElo "2178"]

1. d4 {[%clk 1:28:47]} Nf6 {[%clk 1:30:53]} 2. Nf3 {[%clk 1:28:52]} g6
{[%clk 1:31:16]} 3. Bf4 {[%clk 1:28:25]} Bg7 {[%clk 1:31:40]} 4. e3
{[%clk 1:28:37]} O-O {[%clk 1:32:03]} 5. Nbd2 {[%clk 1:28:46]} d5
{[%clk 1:31:51]} 6. Bd3 {[%clk 1:28:18]} c5 {[%clk 1:32:04]} 7. c3
{[%clk 1:28:41]} cxd4 {[%clk 1:32:26]} 8. exd4 {[%clk 1:26:00]} Nc6
{[%clk 1:31:33]} 9. O-O {[%clk 1:25:21]} Nh5 {[%clk 1:27:42]} 10. Bg5
{[%clk 1:24:52]} Qd6 {[%clk 1:16:32]} 1/2-1/2

[Event "Larsens Nordjyske Mindeturnering2018"]
[Site "KATEDRALSKOLEN AALBORG"]
[Date "2018.10.15"]
[Round "3.2"]
[White "Lennart Vang, Frank"]
[Black "Sørensen, Bent"]
[Result "1-0"]
[LiveChessVersion "1.4.8"]
[BlackElo "2142"]
[WhiteElo "1969"]

1. d4 {[%clk 1:30:49]} d5 {[%clk 1:30:39]} 2. Bf4 {[%clk 1:30:44]} e6
{[%clk 1:31:00]} 3. e3 {[%clk 1:30:43]} Bd6 {[%clk 1:31:25]} 4. Nf3
{[%clk 1:27:33]} Bxf4 {[%clk 1:29:36]} 5. exf4 {[%clk 1:27:53]} Nh6
{[%clk 1:29:39]} 6. Bd3 {[%clk 1:25:52]} f6 {[%clk 1:26:39]} 7. c3
{[%clk 1:21:41]} Qd6 {[%clk 1:22:12]} 8. g3 {[%clk 1:20:43]} Nd7 {[%clk 1:20:30]}
9. Qc2 {[%clk 1:17:40]} f5 {[%clk 1:15:23]} 10. O-O {[%clk 1:14:36]} O-O
{[%clk 1:14:25]} 11. Nbd2 {[%clk 1:13:57]} c5 {[%clk 1:12:31]} 12. Rfe1
{[%clk 1:13:17]} Nf7 {[%clk 1:09:49]} 13. Re3 {[%clk 1:09:15]} cxd4
{[%clk 1:06:09]} 14. cxd4 {[%clk 1:08:46]} Nb6 {[%clk 1:05:22]} 15. Nb3
{[%clk 1:03:08]} Bd7 {[%clk 1:01:39]} 16. Nc5 {[%clk 1:01:35]} Rac8
{[%clk 0:56:34]} 17. b3 {[%clk 0:54:05]} Nd8 {[%clk 0:51:32]} 18. Rc1
{[%clk 0:48:27]} Na8 {[%clk 0:48:02]} 19. Qd2 {[%clk 0:44:11]} Be8
{[%clk 0:40:40]} 20. Kg2 {[%clk 0:31:01]} Nc7 {[%clk 0:31:30]} 21. a4
{[%clk 0:25:47]} b6 {[%clk 0:30:04]} 22. Na6 {[%clk 0:25:27]} Nc6
{[%clk 0:29:43]} 23. Nxc7 {[%clk 0:24:29]} Rxc7 {[%clk 0:29:40]} 24. Bb5
{[%clk 0:23:22]} Na5 {[%clk 0:20:30]} 25. Rxc7 {[%clk 0:21:17]} Qxc7
{[%clk 0:20:51]} 26. Rxe6 {[%clk 0:21:03]} Bxb5 {[%clk 0:20:23]} 27. axb5
{[%clk 0:21:12]} Nxb3 {[%clk 0:17:46]} 28. Qe3 {[%clk 0:21:07]} Qc4
{[%clk 0:15:57]} 29. Re7 {[%clk 0:20:48]} Qxb5 {[%clk 0:10:31]} 30. Qe5
{[%clk 0:19:41]} Rf6 {[%clk 0:09:20]} 31. Ng5 {[%clk 0:17:44]} Nxd4
{[%clk 0:06:40]} 32. Qxd4 {[%clk 0:11:05]} Qc6 {[%clk 0:04:39]} 33. h4
{[%clk 0:07:45]} h6 {[%clk 0:03:55]} 34. Nf3 {[%clk 0:07:53]} a5 {[%clk 0:03:19]}
35. h5 {[%clk 0:06:27]} Qd6 {[%clk 0:02:22]} 36. Re5 {[%clk 0:05:00]} Rf8
{[%clk 0:01:27]} 37. Rxd5 {[%clk 0:05:11]} Qc6 {[%clk 0:01:56]} 38. Kh2
{[%clk 0:03:36]} Qe8 {[%clk 0:01:45]} 39. Qxb6 {[%clk 0:02:22]} Qxh5+
{[%clk 0:02:12]} 40. Kg2 {[%clk 0:02:39]} Qf7 {[%clk 0:00:58]} 41. Rxa5
{[%clk 0:00:55]} Re8 {[%clk 0:29:07]} 42. Ne5 {[%clk 0:29:57]} Qh5
{[%clk 0:27:48]} 43. Ra7 {[%clk 0:28:59]} Kh7 {[%clk 0:24:22]} 44. Qf6
{[%clk 0:27:10]} Rg8 {[%clk 0:24:10]} 45. Rf7 {[%clk 0:26:13]} Kh8
{[%clk 0:23:32]} 46. Qe6 {[%clk 0:21:43]} Rb8 {[%clk 0:22:11]} 47. Rb7
{[%clk 0:18:31]} Rg8 {[%clk 0:21:43]} 48. Rb1 {[%clk 0:17:26]} Kh7
{[%clk 0:21:01]} 49. Rh1 1-0

[Event "Larsens Nordjyske Mindeturnering2018"]
[Site "KATEDRALSKOLEN AALBORG"]
[Date "2018.10.15"]
[Round "3.3"]
[White "Åke Malmdin, Nils"]
[Black "Ørtoft, Kai"]
[Result "1/2-1/2"]
[LiveChessVersion "1.4.8"]
[BlackElo "1957"]
[WhiteElo "2141"]

1. e4 {[%clk 1:30:30]} d6 {[%clk 1:30:50]} 2. d4 {[%clk 1:30:35]} Nf6
{[%clk 1:31:12]} 3. Nc3 {[%clk 1:30:51]} Nbd7 {[%clk 1:31:29]} 4. g4
{[%clk 1:28:16]} h6 {[%clk 1:31:51]} 5. Be3 {[%clk 1:28:24]} e5 {[%clk 1:32:14]}
6. h3 {[%clk 1:28:02]} c6 {[%clk 1:32:06]} 7. a4 {[%clk 1:22:56]} Be7
{[%clk 1:31:54]} 8. Nf3 {[%clk 1:14:47]} Qc7 {[%clk 1:28:17]} 9. Bc4
{[%clk 0:58:56]} Nf8 {[%clk 1:24:47]} 10. Qe2 {[%clk 0:40:07]} g5
{[%clk 1:05:40]} 11. a5 {[%clk 0:37:24]} Ng6 {[%clk 0:53:51]} 12. Bb3
{[%clk 0:36:15]} Nf4 {[%clk 0:52:23]} 13. Bxf4 {[%clk 0:34:57]} gxf4
{[%clk 0:52:48]} 14. Qc4 {[%clk 0:34:32]} Bd8 {[%clk 0:51:19]} 15. Qd3
{[%clk 0:28:32]} Nh7 {[%clk 0:47:37]} 16. Ne2 {[%clk 0:24:50]} Nf8
{[%clk 0:43:31]} 17. Nd2 {[%clk 0:24:31]} Ne6 {[%clk 0:40:55]} 18. c3
{[%clk 0:21:08]} Be7 {[%clk 0:37:08]} 19. Nc4 {[%clk 0:20:47]} Bd7
{[%clk 0:36:31]} 20. Bc2 {[%clk 0:20:26]} h5 {[%clk 0:33:07]} 21. O-O-O
{[%clk 0:17:17]} O-O-O {[%clk 0:32:44]} 22. b4 {[%clk 0:16:59]} Kb8
{[%clk 0:31:24]} 23. f3 {[%clk 0:15:07]} 1/2-1/2

[Event "Larsens Nordjyske Mindeturnering2018"]
[Site "KATEDRALSKOLEN AALBORG"]
[Date "2018.10.15"]
[Round "3.4"]
[White "Nørregaard, Claus"]
[Black "Lilja, Richard"]
[Result "0-1"]
[LiveChessVersion "1.4.8"]
[BlackElo "2102"]
[WhiteElo "1944"]

1. d4 {[%clk 1:30:48]} Nf6 {[%clk 1:30:53]} 2. c4 {[%clk 1:31:08]} g6
{[%clk 1:31:17]} 3. Nc3 {[%clk 1:31:32]} Bg7 {[%clk 1:31:41]} 4. e4
{[%clk 1:31:53]} d6 {[%clk 1:32:03]} 5. f4 {[%clk 1:31:54]} c5 {[%clk 1:31:28]}
6. d5 {[%clk 1:32:03]} O-O {[%clk 1:29:51]} 7. Nf3 {[%clk 1:30:17]} e6
{[%clk 1:30:06]} 8. Be2 {[%clk 1:30:15]} exd5 {[%clk 1:30:22]} 9. exd5
{[%clk 1:30:29]} Na6 {[%clk 1:21:54]} 10. O-O {[%clk 1:30:28]} Bd7
{[%clk 1:15:29]} 11. Bd3 {[%clk 1:28:44]} Qb6 {[%clk 0:42:52]} 12. f5
{[%clk 1:24:31]} Nc7 {[%clk 0:34:39]} 13. Kh1 {[%clk 1:22:27]} a5
{[%clk 0:32:00]} 14. fxg6 {[%clk 1:17:38]} fxg6 {[%clk 0:31:36]} 15. Rb1
{[%clk 1:02:51]} a4 {[%clk 0:30:27]} 16. Ne4 {[%clk 0:59:37]} Nxe4
{[%clk 0:29:17]} 17. Bxe4 {[%clk 0:57:19]} Qa6 {[%clk 0:29:27]} 18. Qd3
{[%clk 0:51:08]} b5 {[%clk 0:24:13]} 19. b3 {[%clk 0:50:32]} axb3
{[%clk 0:20:11]} 20. axb3 {[%clk 0:50:46]} Qa2 {[%clk 0:17:55]} 21. Bd2
{[%clk 0:42:24]} bxc4 {[%clk 0:15:22]} 22. bxc4 {[%clk 0:42:27]} Ra3
{[%clk 0:15:45]} 23. Qc2 {[%clk 0:40:21]} Bg4 {[%clk 0:14:15]} 24. Qxa2
{[%clk 0:34:59]} Rxa2 {[%clk 0:14:42]} 25. Bg5 {[%clk 0:34:10]} Re8
{[%clk 0:13:10]} 26. Rb7 {[%clk 0:28:21]} Rxe4 {[%clk 0:11:17]} 27. Rxc7
{[%clk 0:28:44]} h6 {[%clk 0:08:42]} 28. Rb1 {[%clk 0:16:36]} hxg5
{[%clk 0:05:43]} 29. Nxg5 {[%clk 0:07:03]} Re8 {[%clk 0:04:44]} 30. h3
{[%clk 0:06:28]} Bf5 {[%clk 0:04:49]} 31. Rbb7 {[%clk 0:03:17]} Re1+
{[%clk 0:05:00]} 0-1

[Event "Larsens Nordjyske Mindeturnering2018"]
[Site "KATEDRALSKOLEN AALBORG"]
[Date "2018.10.15"]
[Round "3.5"]
[White "Zachariassen, John"]
[Black "Jørgen Christiansen, Jens"]
[Result "0-1"]
[LiveChessVersion "1.4.8"]
[BlackElo "2063"]
[WhiteElo "1911"]

1. c4 {[%clk 1:30:56]} e5 {[%clk 1:30:40]} 2. g3 {[%clk 1:30:55]} Nf6
{[%clk 1:30:57]} 3. Bg2 {[%clk 1:31:17]} c6 {[%clk 1:31:22]} 4. Nf3
{[%clk 1:30:59]} e4 {[%clk 1:31:43]} 5. Nd4 {[%clk 1:30:04]} d5 {[%clk 1:31:59]}
6. Nc3 {[%clk 1:30:00]} dxc4 {[%clk 1:27:50]} 7. Nc2 {[%clk 1:29:19]} Bc5
{[%clk 1:24:37]} 8. O-O {[%clk 1:28:30]} Qe7 {[%clk 1:21:47]} 9. d4
{[%clk 1:27:00]} cxd3 {[%clk 1:17:49]} 10. exd3 {[%clk 1:27:00]} Bg4
{[%clk 1:13:34]} 11. Qd2 {[%clk 1:24:18]} exd3 {[%clk 1:08:10]} 12. Re1
{[%clk 1:16:09]} Be6 {[%clk 1:07:40]} 13. Qxd3 {[%clk 1:16:08]} O-O
{[%clk 1:07:39]} 14. Bg5 {[%clk 1:15:12]} Bxf2+ {[%clk 1:07:51]} 0-1

[Event "Larsens Nordjyske Mindeturnering2018"]
[Site "KATEDRALSKOLEN AALBORG"]
[Date "2018.10.15"]
[Round "3.6"]
[White "Johan Andersen, Carl"]
[Black "Taksrud, Vidar"]
[Result "1-0"]
[LiveChessVersion "1.4.8"]
[BlackElo "2040"]
[WhiteElo "1900"]

1. e4 c6 2. d4 d5 3. e5 Bf5 4. Nf3 e6 5. Be2 h6 6. O-O Ne7 7. c4 dxc4
{[%clk 1:30:37]} 8. Bxc4 {[%clk 1:32:21]} Nd7 {[%clk 1:30:27]} 9. Nc3
{[%clk 1:32:28]} Nb6 {[%clk 1:30:49]} 10. Bb3 {[%clk 1:32:25]} Ned5
{[%clk 1:31:00]} 11. Qe2 {[%clk 1:32:10]} Be7 {[%clk 1:30:46]} 12. Ne4
{[%clk 1:27:30]} Bxe4 {[%clk 1:28:30]} 13. Qxe4 {[%clk 1:27:50]} a5
{[%clk 1:27:05]} 14. a3 {[%clk 1:26:33]} a4 {[%clk 1:26:24]} 15. Ba2
{[%clk 1:26:43]} Qd7 {[%clk 1:23:48]} 16. Bd2 {[%clk 1:24:57]} O-O
{[%clk 1:12:34]} 17. Rac1 {[%clk 1:23:57]} Rfd8 {[%clk 1:09:57]} 18. Rfe1
{[%clk 1:23:41]} Bf8 {[%clk 1:08:40]} 19. Bb1 {[%clk 1:20:09]} g6
{[%clk 1:08:56]} 20. Qh4 {[%clk 1:20:06]} Qe7 {[%clk 1:04:26]} 21. Qg3
{[%clk 1:17:11]} Bg7 {[%clk 1:03:29]} 22. h4 {[%clk 1:16:27]} Qe8
{[%clk 0:58:42]} 23. h5 {[%clk 1:16:22]} Ne7 {[%clk 0:57:59]} 24. hxg6
{[%clk 1:06:38]} fxg6 {[%clk 0:57:49]} 25. Nh4 {[%clk 1:03:10]} g5
{[%clk 0:51:22]} 26. Qd3 {[%clk 1:02:19]} gxh4 {[%clk 0:49:36]} 27. Qh7+
{[%clk 1:02:30]} Kf7 {[%clk 0:48:52]} 28. Re3 {[%clk 0:52:56]} Qh8
{[%clk 0:47:26]} 29. Rf3+ {[%clk 0:52:14]} Ke8 {[%clk 0:47:49]} 30. Qe4
{[%clk 0:49:41]} Nf5 {[%clk 0:43:43]} 31. Rxf5 {[%clk 0:48:38]} exf5
{[%clk 0:44:05]} 32. Qxh4 {[%clk 0:46:46]} Qf8 {[%clk 0:42:58]} 33. Bb4
{[%clk 0:47:00]} Qf7 {[%clk 0:42:38]} 34. Bxf5 {[%clk 0:43:04]} Nd5
{[%clk 0:42:45]} 35. Bg4 {[%clk 0:42:32]} Qf4 {[%clk 0:41:50]} 36. Qh5+
{[%clk 0:41:22]} Qf7 {[%clk 0:42:10]} 37. e6 {[%clk 0:41:11]} Nxb4
{[%clk 0:39:29]} 38. Qxf7# {[%clk 0:40:49]} 1-0

[Event "Larsens Nordjyske Mindeturnering2018"]
[Site "KATEDRALSKOLEN AALBORG"]
[Date "2018.10.16"]
[Round "4.1"]
[White "Grønhøj, Benny"]
[Black "Pedersen, Svend"]
[Result "0-1"]
[LiveChessVersion "1.4.8"]
[BlackElo "2194"]
[WhiteElo "2000"]

1. b3 {[%clk 1:30:42]} e5 {[%clk 1:30:47]} 2. Bb2 {[%clk 1:31:04]} d6
{[%clk 1:31:11]} 3. e3 {[%clk 1:31:12]} Nc6 {[%clk 1:30:11]} 4. d4
{[%clk 1:30:42]} g6 {[%clk 1:30:01]} 5. d5 {[%clk 1:26:48]} Nce7 {[%clk 1:28:38]}
6. e4 {[%clk 1:13:10]} f5 {[%clk 1:26:57]} 7. Nd2 {[%clk 1:11:46]} Nf6
{[%clk 1:26:43]} 8. exf5 {[%clk 1:08:54]} Bxf5 {[%clk 1:24:42]} 9. c4
{[%clk 1:07:11]} Bg7 {[%clk 1:23:09]} 10. Ngf3 {[%clk 1:06:35]} O-O
{[%clk 1:22:21]} 11. Be2 {[%clk 1:06:03]} h6 {[%clk 1:14:39]} 12. O-O
{[%clk 1:02:21]} g5 {[%clk 1:10:49]} 13. Re1 {[%clk 0:59:46]} Ng6
{[%clk 1:09:23]} 14. Nf1 {[%clk 0:54:37]} Nf4 {[%clk 1:05:26]} 15. Ng3
{[%clk 0:54:34]} Qd7 {[%clk 0:59:04]} 16. Bf1 {[%clk 0:50:55]} Bg4
{[%clk 0:51:27]} 17. h3 {[%clk 0:42:59]} Bxf3 {[%clk 0:49:30]} 18. Qxf3
{[%clk 0:42:53]} g4 {[%clk 0:49:40]} 19. hxg4 {[%clk 0:39:26]} Nxg4
{[%clk 0:49:29]} 20. Nh1 {[%clk 0:36:32]} e4 {[%clk 0:42:50]} 21. Rxe4
{[%clk 0:36:40]} Bxb2 {[%clk 0:42:48]} 22. Rae1 {[%clk 0:36:54]} Be5
{[%clk 0:41:06]} 23. Qd1 {[%clk 0:34:09]} Qf5 {[%clk 0:35:22]} 24. f3
{[%clk 0:18:06]} Qh5 {[%clk 0:34:54]} 0-1

[Event "Larsens Nordjyske Mindeturnering2018"]
[Site "KATEDRALSKOLEN AALBORG"]
[Date "2018.10.16"]
[Round "4.2"]
[White "Lauritzen, Einar"]
[Black "Hammar, Bengt"]
[Result "0-1"]
[LiveChessVersion "1.4.8"]
[BlackElo "2178"]
[WhiteElo "1997"]

1. d4 {[%clk 1:30:35]} Nf6 {[%clk 1:30:22]} 2. Nf3 {[%clk 1:30:31]} g6
{[%clk 1:30:05]} 3. c4 {[%clk 1:30:24]} Bg7 {[%clk 1:30:05]} 4. g3
{[%clk 1:30:31]} O-O {[%clk 1:29:31]} 5. Bg2 {[%clk 1:30:40]} d6 {[%clk 1:28:35]}
6. O-O {[%clk 1:29:43]} Nbd7 {[%clk 1:28:04]} 7. Nc3 {[%clk 1:29:50]} e5
{[%clk 1:26:00]} 8. e4 {[%clk 1:30:20]} c6 {[%clk 1:25:53]} 9. h3
{[%clk 1:29:50]} Qe7 {[%clk 1:24:37]} 10. Re1 {[%clk 1:13:31]} Ne8
{[%clk 1:23:27]} 11. b3 {[%clk 0:57:11]} Nc7 {[%clk 1:04:03]} 12. Ba3
{[%clk 0:52:28]} exd4 {[%clk 1:03:18]} 13. Nxd4 {[%clk 0:48:12]} Qf6
{[%clk 0:58:45]} 14. Nde2 {[%clk 0:47:07]} Nc5 {[%clk 0:58:14]} 15. Bb2
{[%clk 0:36:17]} Qe7 {[%clk 0:57:10]} 16. Qc2 {[%clk 0:25:04]} a5
{[%clk 0:55:53]} 17. Rad1 {[%clk 0:22:37]} N7a6 {[%clk 0:54:46]} 18. a3
{[%clk 0:21:06]} Qc7 {[%clk 0:51:19]} 19. Na2 {[%clk 0:13:56]} Be5
{[%clk 0:44:05]} 20. Nd4 {[%clk 0:10:26]} Qb6 {[%clk 0:39:47]} 21. Re3
{[%clk 0:10:29]} Ne6 {[%clk 0:36:27]} 22. Nxe6 {[%clk 0:09:50]} Bxe6
{[%clk 0:35:51]} 23. Bxe5 {[%clk 0:10:11]} dxe5 {[%clk 0:36:14]} 24. Qc3
{[%clk 0:06:49]} Rfd8 {[%clk 0:32:30]} 25. Ree1 {[%clk 0:05:05]} Qc5
{[%clk 0:31:02]} 26. a4 {[%clk 0:04:19]} f6 {[%clk 0:30:49]} 27. Nc1
{[%clk 0:04:39]} Qb6 {[%clk 0:27:26]} 28. Nd3 {[%clk 0:04:40]} Rd4
{[%clk 0:27:30]} 29. Bf1 {[%clk 0:04:09]} Rad8 {[%clk 0:27:12]} 30. Rb1
{[%clk 0:03:44]} Nc5 {[%clk 0:22:21]} 31. Nxc5 {[%clk 0:02:49]} Qxc5
{[%clk 0:22:42]} 32. b4 {[%clk 0:02:08]} axb4 {[%clk 0:22:38]} 33. Qxb4
{[%clk 0:02:25]} Qxb4 {[%clk 0:22:29]} 34. Rxb4 {[%clk 0:02:46]} Bc8
{[%clk 0:20:33]} 35. Rb3 {[%clk 0:01:05]} Kf8 {[%clk 0:18:25]} 36. a5
{[%clk 0:01:06]} Ke7 {[%clk 0:17:58]} 37. h4 {[%clk 0:00:51]} Rd1
{[%clk 0:16:18]} 38. Rb1 {[%clk 0:00:40]} Rxe1 {[%clk 0:16:24]} 39. Rxe1
{[%clk 0:01:05]} Rd2 {[%clk 0:16:41]} 40. Ra1 {[%clk 0:00:52]} Kd6
{[%clk 0:15:27]} 41. Ra3 {[%clk 0:15:32]} Kc5 {[%clk 0:42:54]} 42. Rf3
{[%clk 0:13:32]} f5 {[%clk 0:38:10]} 43. exf5 {[%clk 0:13:43]} gxf5
{[%clk 0:38:25]} 44. Rb3 {[%clk 0:12:38]} Ra2 {[%clk 0:38:17]} 45. Rd3
{[%clk 0:12:49]} Rxa5 {[%clk 0:37:37]} 46. Rd8 {[%clk 0:13:07]} Be6
{[%clk 0:37:28]} 47. Re8 {[%clk 0:13:05]} Kd6 {[%clk 0:37:27]} 48. Rh8
{[%clk 0:13:23]} b5 {[%clk 0:34:46]} 49. cxb5 {[%clk 0:13:25]} cxb5
{[%clk 0:35:09]} 50. Rxh7 {[%clk 0:13:35]} Ra1 {[%clk 0:35:20]} 51. Kg2
{[%clk 0:13:17]} Bd5+ {[%clk 0:35:09]} 52. f3 {[%clk 0:13:24]} b4
{[%clk 0:34:12]} 53. Rh8 {[%clk 0:10:58]} Kc7 {[%clk 0:27:53]} 54. Rh7+
{[%clk 0:10:07]} Kb6 {[%clk 0:27:51]} 55. Rh8 {[%clk 0:10:30]} b3
{[%clk 0:27:21]} 56. Bd3 {[%clk 0:05:54]} e4 {[%clk 0:27:13]} 57. Rb8+
{[%clk 0:03:11]} Kc7 {[%clk 0:27:05]} 0-1

[Event "Larsens Nordjyske Mindeturnering2018"]
[Site "KATEDRALSKOLEN AALBORG"]
[Date "2018.10.16"]
[Round "4.3"]
[White "Jensen, Vagn"]
[Black "Nielsen, Poul Erik"]
[Result "1/2-1/2"]
[LiveChessVersion "1.4.8"]
[BlackElo "1987"]
[WhiteElo "2172"]

1. e4 {[%clk 1:30:51]} d6 {[%clk 1:30:29]} 2. d4 {[%clk 1:31:08]} g6
{[%clk 1:30:52]} 3. Nc3 {[%clk 1:31:08]} Bg7 {[%clk 1:31:07]} 4. Nf3
{[%clk 1:30:42]} c6 {[%clk 1:30:51]} 5. Be3 {[%clk 1:27:28]} Qc7 {[%clk 1:29:25]}
6. h3 {[%clk 1:26:11]} Nd7 {[%clk 1:29:02]} 7. Qd2 {[%clk 1:24:12]} Ngf6
{[%clk 1:17:01]} 8. Bd3 {[%clk 1:12:24]} e5 {[%clk 1:11:06]} 9. O-O
{[%clk 1:11:27]} O-O {[%clk 1:11:18]} 10. Rad1 {[%clk 1:10:53]} Re8
{[%clk 1:09:15]} 11. Rfe1 {[%clk 1:08:32]} a6 {[%clk 1:03:55]} 12. Bf1
{[%clk 1:00:49]} b5 {[%clk 1:01:58]} 13. b4 {[%clk 0:53:51]} exd4
{[%clk 0:54:52]} 14. Bxd4 {[%clk 0:38:19]} Bb7 {[%clk 0:50:28]} 15. Be3
{[%clk 0:33:03]} Rad8 {[%clk 0:25:32]} 16. Bg5 {[%clk 0:29:12]} Ne5
{[%clk 0:17:37]} 17. Qf4 {[%clk 0:26:33]} Nh5 {[%clk 0:16:58]} 18. Bxd8
{[%clk 0:26:10]} Rxd8 {[%clk 0:13:51]} 19. Qe3 {[%clk 0:25:41]} Nxf3+
{[%clk 0:12:27]} 20. Qxf3 {[%clk 0:25:12]} Be5 {[%clk 0:09:55]} 21. g3
{[%clk 0:23:56]} Rf8 {[%clk 0:08:14]} 22. Qe3 {[%clk 0:22:46]} Qe7
{[%clk 0:02:27]} 23. f4 {[%clk 0:21:47]} Bg7 {[%clk 0:02:43]} 24. g4
{[%clk 0:19:14]} Nxf4 {[%clk 0:02:45]} 25. e5 {[%clk 0:13:43]} Qxe5
{[%clk 0:02:47]} 26. Qxe5 {[%clk 0:12:07]} Bxe5 {[%clk 0:02:12]} 27. Ne4
{[%clk 0:12:14]} Nd5 {[%clk 0:02:27]} 28. c4 {[%clk 0:11:05]} bxc4
{[%clk 0:02:27]} 29. Bxc4 {[%clk 0:10:55]} f5 {[%clk 0:02:47]} 30. Nc5
{[%clk 0:10:16]} Bc8 {[%clk 0:02:45]} 31. Nxa6 {[%clk 0:08:42]} Kg7
{[%clk 0:02:48]} 32. Bxd5 {[%clk 0:05:44]} cxd5 {[%clk 0:02:52]} 33. Nc7
{[%clk 0:04:12]} fxg4 {[%clk 0:03:15]} 34. hxg4 {[%clk 0:03:08]} Rf4
{[%clk 0:03:37]} 35. Nxd5 {[%clk 0:02:53]} Rxg4+ {[%clk 0:03:59]} 36. Kf1
{[%clk 0:02:54]} Ba6+ {[%clk 0:04:23]} 37. Kf2 {[%clk 0:03:13]} h5
{[%clk 0:04:00]} 38. Rg1 {[%clk 0:02:51]} Bd4+ {[%clk 0:04:17]} 39. Rxd4
{[%clk 0:02:29]} Rxd4 {[%clk 0:04:40]} 40. Nc7 {[%clk 0:01:23]} Bc8
{[%clk 0:03:47]} 41. b5 {[%clk 0:30:05]} Rd2+ {[%clk 0:32:57]} 42. Ke3
{[%clk 0:30:14]} Rxa2 {[%clk 0:33:20]} 43. Ne8+ {[%clk 0:30:06]} Kh6
{[%clk 0:33:41]} 44. Nxd6 {[%clk 0:30:12]} Be6 {[%clk 0:32:58]} 45. Kd4
{[%clk 0:27:47]} Rb2 {[%clk 0:31:15]} 46. Kc3 {[%clk 0:25:45]} Rb3+
{[%clk 0:31:16]} 47. Kd4 {[%clk 0:26:00]} h4 {[%clk 0:31:25]} 48. Ke5
{[%clk 0:25:45]} Bd7 {[%clk 0:29:28]} 49. Kf6 {[%clk 0:25:33]} Rf3+
{[%clk 0:29:34]} 50. Ke7 {[%clk 0:25:28]} Bxb5 {[%clk 0:27:21]} 51. Nxb5
{[%clk 0:25:38]} Rg3 {[%clk 0:26:55]} 52. Rh1 {[%clk 0:25:25]} g5
{[%clk 0:25:33]} 53. Nd4 {[%clk 0:25:23]} Kh5 {[%clk 0:25:36]} 1/2-1/2

[Event "Larsens Nordjyske Mindeturnering2018"]
[Site "KATEDRALSKOLEN AALBORG"]
[Date "2018.10.16"]
[Round "4.5"]
[White "Pedersen, Børge"]
[Black "Holst, Per"]
[Result "0-1"]
[LiveChessVersion "1.4.8"]
[BlackElo "2132"]
[WhiteElo "1964"]

1. e4 e6 2. d4 {[%clk 1:30:39]} d5 {[%clk 1:30:53]} 3. Nc3 {[%clk 1:30:26]} Bb4
{[%clk 1:31:12]} 4. e5 {[%clk 1:30:49]} Qd7 {[%clk 1:31:11]} 5. Bd3
{[%clk 1:27:19]} b6 {[%clk 1:31:28]} 6. a3 {[%clk 1:23:20]} Bxc3+
{[%clk 1:31:42]} 7. bxc3 {[%clk 1:23:41]} Ba6 {[%clk 1:32:06]} 8. Bxa6
{[%clk 1:19:33]} Nxa6 {[%clk 1:32:24]} 9. Qd3 {[%clk 1:19:58]} Nb8
{[%clk 1:32:27]} 10. Nf3 {[%clk 1:18:59]} Nc6 {[%clk 1:32:00]} 11. O-O
{[%clk 1:13:52]} Na5 {[%clk 1:32:07]} 12. Nd2 {[%clk 1:13:33]} Ne7
{[%clk 1:29:44]} 13. a4 {[%clk 1:13:25]} O-O {[%clk 1:22:30]} 14. Ba3
{[%clk 1:12:02]} Rfc8 {[%clk 1:17:26]} 15. Bxe7 {[%clk 1:09:49]} Qxe7
{[%clk 1:17:44]} 16. f4 {[%clk 1:09:49]} c5 {[%clk 1:15:35]} 17. f5
{[%clk 1:04:12]} exf5 {[%clk 1:15:02]} 18. Rxf5 {[%clk 1:03:44]} Rc6
{[%clk 1:01:47]} 19. Raf1 {[%clk 1:02:21]} Rf8 {[%clk 1:01:32]} 20. R1f2
{[%clk 0:49:20]} Nb7 {[%clk 0:50:48]} 21. Nf1 {[%clk 0:47:45]} cxd4
{[%clk 0:44:57]} 22. cxd4 {[%clk 0:47:35]} Qb4 {[%clk 0:18:23]} 23. Ne3
{[%clk 0:44:45]} Qb1+ {[%clk 0:14:19]} 24. Qf1 {[%clk 0:41:30]} Qxf1+
{[%clk 0:12:48]} 25. Kxf1 {[%clk 0:41:34]} Nd8 {[%clk 0:11:09]} 26. Nxd5
{[%clk 0:40:39]} Rc4 {[%clk 0:11:16]} 27. Ne7+ {[%clk 0:39:10]} Kh8
{[%clk 0:11:43]} 28. d5 {[%clk 0:39:06]} Re8 {[%clk 0:11:21]} 29. d6
{[%clk 0:38:27]} Rxa4 {[%clk 0:11:31]} 30. R2f4 {[%clk 0:27:29]} Ra1+
{[%clk 0:10:15]} 31. Kf2 {[%clk 0:26:56]} g6 {[%clk 0:10:29]} 32. Rf6
{[%clk 0:19:53]} Kg7 {[%clk 0:10:35]} 33. Rc4 {[%clk 0:18:46]} Ne6
{[%clk 0:10:23]} 34. Rxe6 {[%clk 0:18:18]} fxe6 {[%clk 0:10:19]} 35. d7
{[%clk 0:16:47]} Rd8 {[%clk 0:10:08]} 36. Rd4 {[%clk 0:16:50]} Ra2
{[%clk 0:07:03]} 37. Rd2 {[%clk 0:15:41]} Kf8 {[%clk 0:06:46]} 38. Nc8
{[%clk 0:14:40]} Ra5 {[%clk 0:06:22]} 0-1